000 01033nam a2200253 a 4500
003 BD-DhJNU
005 20260121065157.0
008 251108s2014 bg |||g |||| 000 1|ben|d
020 _a9788172152390
020 _a9788172155483
040 _aBD-DhJNU
_bben
_cBD-DhJNU
_dBD-DhJNU
041 _aben
082 _a759.54 MIB
_223
100 _aমিত্র, অশোক
245 1 0 _aভারতের চিত্রকলা ১-২ খণ্ড /
_cঅশোক মিত্র
246 _aBharater Chitrakala: Vol. I-2
250 _a1st ed.
260 _aকলকাতা :
_bআনন্দ পাবলিশার্স প্রাইভেট লিমিটেড,
_c2014.
300 _a২৭৬ পৃ. :
_bচিত্র ;
_c২২ সেমি.।
504 _aগ্রন্থপঞ্জিগত নির্দেশিকা ও নিঘন্ট অন্তভূক্ত
650 _aশিল্পকলার ইতিহাস
650 _aArt history of India
942 _cBK
999 _c2549
_d2549